Estadísticas para Países por cuadro de contorno

Haz click aquí para tomar la prueba!

Estadísticas generales

  • Esta prueba ha sido tomada 56 veces
  • La puntuación promedio es 7 de 8

Estadísticas de respuestas

Respuesta% Correcto
Albania
94%
Canadá
92%
Alemania
92%
Perú
90%
Tayikistán
88%
Uganda
88%
Nueva Zelanda
75%
Letonia
63%

Distribución de puntuación

Porcentaje por número respondido

Porcentaje de gente con cada puntuación

Historial de tus puntuaciones

No has tomado esta prueba